Most Popular Twenty One Pilots Songs - Statistics

General Stats
  • This quiz has been taken 318 times
    241 since last reset
  • The average score is 24 of 41
Answer Stats
Streams Answer % Correct
2,402,058,000 Stressed Out
98%
1,525,383,000 Ride
96%
1,846,387,000 Heathens
94%
493,197,000 Car Radio
79%
263,727,000 Jumpsuit
77%
556,864,000 Tear in My Heart
76%
535,566,000 Chlorine
75%
290,525,000 Doubt
68%
313,619,000 Lane Boy
68%
272,359,000 The Judge
68%
154,986,000 Trees
68%
209,492,000 Shy Away
67%
169,316,000 Goner
66%
389,033,000 Heavydirtysoul
66%
339,020,000 House of Gold
66%
283,638,000 My Blood
62%
244,008,000 Holding on to You
60%
261,058,000 Migraine
60%
163,502,000 Ode to Sleep
59%
189,358,000 Guns for Hands
58%
231,401,000 Nico and the Niners
58%
117,130,000 Levitate
57%
200,943,000 Message Man
57%
229,794,000 Fairly Local
55%
154,404,000 Morph
55%
214,037,000 Polarize
55%
113,545,000 Saturday
55%
203,726,000 Hometown
54%
269,829,000 Level of Concern
54%
118,406,000 Truce
54%
202,977,000 We Don't Believe What's on TV
52%
149,415,000 Not Today
51%
140,403,000 The Hype
50%
140,535,000 Screen
48%
139,199,000 Fake You Out
46%
117,992,000 Semi-Automatic
42%
114,720,000 Smithereens
42%
148,115,000 The Run and Go
41%
163,820,000 Cancer
28%
111,238,000 Fall Away
28%
103,156,000 Oh Ms Believer
16%
No matching quizzes found
Score Distribution
Percent of People with Each Score
Percentile by Number Answered
Your Score History
You have not taken this quiz since the last reset